| 000 | 00361nam a22001457a 4500 | ||
|---|---|---|---|
| 003 | OSt | ||
| 005 | 20251021081634.0 | ||
| 008 | 251021b |||||||| |||| 00| 0 eng d | ||
| 020 | _a9789966510440 | ||
| 040 | _cJKF | ||
| 050 | _aPL 8704 .K56 2015 | ||
| 245 |
_aMPERA AOKOTWA PANGONI _cKIMANI JOHN CHEGE |
||
| 260 |
_aNAIROBI, KENYA _bJKF _c2015 |
||
| 942 |
_2lcc _cBK _n0 |
||
| 999 |
_c9657 _d9657 |
||